|
000
|
01762nam 2200289 450
|
|
001
|
012025000682
|
|
005
|
20251108163628.1
|
|
010
|
|
@a978-7-300-34431-7@dCNY59.90
|
|
100
|
|
@a20251030d2025 em y0chiy50 ea
|
|
101
|
1
|
@achi@cjpn
|
|
102
|
|
@aCN@b110000
|
|
105
|
|
@ay z 000yy
|
|
106
|
|
@ar
|
|
200
|
1
|
@a人生舍弃清单@Aren sheng she qi qing dan@f(日) 伊庭正康著@g三鹏译
|
|
210
|
|
@a北京@c中国人民大学出版社@d2025.10
|
|
215
|
|
@a191页@d19cm
|
|
225
|
2
|
@a心理成长系列@Axin li cheng zhang xi lie
|
|
306
|
|
@a本书中文简体字版由KANKI PUBLISHING IN.通过博达授权中国人民大学出版社在中华人民共和国境内 (不包含香港特别行政区、澳门特别行政区和台湾地区) 出版发行
|
|
314
|
|
@a伊庭正康, 1969年生于京都。1991年进入瑞可利集团工作。凭借在超过4万次的拜访销售中总结出的“不做多余的事, 只专注于能出成果的事”这一原则, 在销售岗位上大展身手。
|
|
330
|
|
@a本书讲述了在拥挤的通勤电车中摇晃, 高效处理着不情愿面对的工作, 对未来充满迷茫与不安--这是作者伊庭正康曾经历的上班族生活。直到他辞去稳定的工作, 创办培训公司, 才猛然发现: 改变人生的关键并非能力的突飞猛进, 而是学会舍弃那些不必要的束缚。通过自身经历与观察, 作者还发现, 许多被世人认可的成功者, 并非天赋异禀, 他们甚至有明显的短板, 但他们都有一个共同点, 那就是不做自己不擅长的事。这便印证了一个道理: 实现理想人生的捷径, 不是不断增加该做的事, 而是学会舍弃。书中列出了41个需舍弃的事项, 帮助我们看清自身存在的束缚与局限, 找到需要舍弃的部分, 从而最大限度地发挥自我特质, 更从容地应对生活与工作中的各种挑战, 活出自己想要的模样。
|
|
410
|
0
|
@12001 @a心理成长系列
|
|
606
|
0
|
@a人生哲学@Aren sheng zhe xue@j通俗读物
|
|
690
|
|
@aB821@v5
|
|
701
|
0
|
@a伊庭正康,@Ayi ting zheng kang@f1969-@4著
|
|
702
|
0
|
@a三鹏@Asan peng@4译
|
|
801
|
0
|
@aCN@bCDNYKJZYXY@c20251030
|
|
905
|
|
@aCDNYKJZYXY@b300737143-45@dB821@e789@f3
|
|
|
|
|
| |
| 人生舍弃清单/(日) 伊庭正康著/三鹏译.-北京:中国人民大学出版社,2025.10 |
| 191页;19cm.-(心理成长系列) |
| |
| |
| ISBN 978-7-300-34431-7:CNY59.90 |
| 本书讲述了在拥挤的通勤电车中摇晃, 高效处理着不情愿面对的工作, 对未来充满迷茫与不安--这是作者伊庭正康曾经历的上班族生活。直到他辞去稳定的工作, 创办培训公司, 才猛然发现: 改变人生的关键并非能力的突飞猛进, 而是学会舍弃那些不必要的束缚。通过自身经历与观察, 作者还发现, 许多被世人认可的成功者, 并非天赋异禀, 他们甚至有明显的短板, 但他们都有一个共同点, 那就是不做自己不擅长的事。这便印证了一个道理: 实现理想人生的捷径, 不是不断增加该做的事, 而是学会舍弃。书中列出了41个需舍弃的事项, 帮助我们看清自身存在的束缚与局限, 找到需要舍弃的部分, 从而最大限度地发挥自我特质, 更从容地应对生活与工作中的各种挑战, 活出自己想要的模样。 |
| ● |
正题名:人生舍弃清单
索取号:B821/789
 
预约/预借
| 序号
|
登录号
|
条形码
|
馆藏地/架位号
|
状态
|
备注
|
|
1
|
737143
|
300737143
|
柳城-5楼/柳城-5楼29架7列3层/
[索取号:B821/789]
|
在馆
|
|
|
2
|
737144
|
300737144
|
柳城-5楼/柳城-5楼29架7列3层/
[索取号:B821/789]
|
在馆
|
|
|
3
|
737145
|
300737145
|
流通书库/
[索取号:B821/789]
|
在馆
|
|